Formula One Drivers by Debut Race - Statistics

General Stats
  • This quiz has been taken 178 times
  • The average score is 7 of 15
Answer Stats
Race Driver % Correct
1991 Belgian Grand Prix Michael Schumacher
91%
2007 United States Grand Prix Sebastian Vettel
78%
2020 Austrian Grand Prix Nicholas Latifi
70%
2017 Malaysian Grand Prix Pierre Gasly
68%
2020 Sakhir Grand Prix Jack Aitken | Pietro Fittipaldi
67%
2011 British Grand Prix Daniel Ricciardo
54%
2016 Belgian Grand Prix Esteban Ocon
54%
2006 Hungarian Grand Prix Robert Kubica
39%
2009 European Grand Prix Romain Grosjean
39%
1994 Spanish Grand Prix David Coulthard | Andrea Montermini
36%
2016 Bahrain Grand Prix Stoffel Vandoorne
34%
2017 United States Grand Prix Brendon Hartley
28%
2007 European Grand Prix Markus Winkelhock
27%
2014 Belgian Grand Prix Alexander Rossi | André Lotterer
26%
2004 Canadian Grand Prix Timo Glock
8%
No matching quizzes found
Score Distribution
Percent of People with Each Score
Percentile by Number Answered
Your Score History
You have not taken this quiz